000 00305nam a2200121Ia 4500
005 20251222144918.0
008 251222s9999||||xx |||||||||||||| ||spa||
082 _a362.829.2/V73
100 _aOlórtegui Torres, Nara
245 0 _aViolencia Contra la Mujer en Iquitos
264 _bINAGRUV
942 _cLIB
999 _c22591
_d22591